| 000 -LEADER |
| fixed length control field |
01179nam a22001457a 4500 |
| 008 - FIXED-LENGTH DATA ELEMENTS--GENERAL INFORMATION |
| fixed length control field |
210804b ||||| |||| 00| 0 eng d |
| 100 ## - MAIN ENTRY--PERSONAL NAME |
| Personal name |
Chan, David C. |
| 245 ## - TITLE STATEMENT |
| Title |
Influence and information in team decisions: Evidence from medical residency |
| 260 ## - PUBLICATION, DISTRIBUTION, ETC. (IMPRINT) |
| Place of publication, distribution, etc |
American Economic Journal: Economic Policy |
| 300 ## - PHYSICAL DESCRIPTION |
| Extent |
13(1), Feb, 2021: p.106-137 |
| 520 ## - SUMMARY, ETC. |
| Summary, etc |
I study team decisions among physician trainees. Exploiting a discontinuity in team roles across trainee tenure, I find evidence that teams alter decision-making, concentrating influence in the hands of senior trainees. I also demonstrate little convergence in variation of trainee effects despite intensive training. This general pattern of trainee effects on team decision-making exists in all types of decisions and settings that I examine. In analyses evaluating mechanisms behind this pattern, I find support for the idea that significant experiential learning occurs during training and that teams place more weight on judgments of senior trainees in order to aggregate information. – Reproduced |
| 773 ## - HOST ITEM ENTRY |
| Main entry heading |
American Economic Journal: Economic Policy |
| 906 ## - LOCAL DATA ELEMENT F, LDF (RLIN) |
| Subject DIP |
DECISION MAKING |
| 942 ## - ADDED ENTRY ELEMENTS (KOHA) |
| Item type |
Articles |